000 00394nam a2200145Ia 4500
008 220530s9999 xx 000 0 und d
041 _aeng
082 _a909.48
_bGRO
100 _aGrover B.L; Mehta Alka
_954652
245 _aA New Look at Modern Indian History
260 _aDelhi
_bS Chand & Co Ltd
_c2010
300 _aXXIX, 570
_bPB
700 _a Mehta Alka
_954653
906 _a72.5
_bMECH
999 _c49950
_d49950